000 01191nam a22003377a 4500
003 CHAP
005 20220329140411.0
008 971013s1982 r 00010 d
010 _a51450
011 _a52422
035 _a56572
040 _cCHAP
082 _a631.43
_bF4
100 0 0 _aFernández Loaiza, Carlos.
_940224
245 _aMejoramiento y estabilización de suelos
260 _aMéxico, D. F. :
_bLimusa,
_c1982
300 _a352 p.
_b: ilus. ; gráfs.
590 _aBATCH-UPD
_b10
_c20130109
_lUCH01
_h2358
590 _aBATCH-UPD
_b10
_c20130110
_lUCH01
_h0546
590 _aBATCH-UPD
_b10
_c20130409
_lUCH01
_h1931
590 _aBATCH-UPD
_b10
_c20130410
_lUCH01
_h0227
590 _aBATCH-UPD
_b10
_c20130914
_lUCH01
_h1355
590 _aCONVERSION
_b10
_c20130109
_lUCH01
_h1328
650 1 4 _aSuelos
_xEstabilización.
_9110359
650 1 4 _aSuelos
_xMejoramiento.
_9110431
901 _aBK
942 _cLIBRO
949 _a631.43 F4
_bBC
_cLIBRO
_d33724000069274
_eLIBRO
_fc.2
_h67865
_i56572
_si
_t1310.00
949 _a631.43 F4
_bBC
_cLIBRO
_d33724000069282
_eLIBRO
_gI. c/e
_h67864
_i56572
_si
_t1310.00
949 _a631.43 F4
_bBC
_cMUT
_d-123549
_eMUT
_fc.3
_gI. c/e
_h77541
_i56572
_si
_t26.40
999 _c51450
_d51450